000 01401nam a2200313 c 4500
003 BLK
005 20240319090851.0
008 180409b bul|||||r ||||||| ||bul||
010 _aKNG00128088000
040 _aBLK
041 _aBUL
_cBUL
080 _aБългарска литература
_b821.163.2
_x-32
_z821.163.2-32
100 _aАсенов, Драгомир
_gМеламед, Жак Нисим
_cПисател. Работил в русенския в. "Дунавски отечествен фронт", един от основателите на "Дунавски културен фронт"
_d1926 - 1981
_9272757
700 1 _aМеламед, Жак Нисим
_e*
_9272758
139 _aАсенов, Драгомир
_bА 92
245 1 0 _aНашият взвод
_bПовест
_cДрагомир Асенов; * Жак Нисим Меламед.
257 _aBGR
260 София
_bДърж. воен. изд.
_c1956
300 _a332 с.
_c25 см
380 _aX
490 1 _aВоенни романи
500 _aИстинското име на авт. е Жак Нисим Меламед.
852 _aЦб 3266
856 4 _qpdf
_u
856 4 _qpdf
_u
942 _cKNG
_n0
944 _aCR
_c29.02.2012
_lМоника Янева
_k30570
944 _aED
_c29.02.2012
_l29.02.2012 - от С1,Р / 29.02.2012
_k
999 _c122451
_d122451